000
00285nam a22001337a 4500
008
180919b xxu||||| |||| 00| 0 eng d
020
_a
2900807113607
041
_a
eng
080
_a
94
100
_a
16
101
_a
HIS
245
_a
Rural Worlds Lost
_c
Kirby,J.T
942
_2
udc
_c
BK
999
_c
48049
_d
48049